Digital communications : (Record no. 8773)

MARC details
000 -LEADER
fixed length control field 00689nam a22002172 4500
001 - CONTROL NUMBER
control field 0000019026
005 - DATE AND TIME OF LATEST TRANSACTION
control field 20151217152143.0
008 - FIXED-LENGTH DATA ELEMENTS--GENERAL INFORMATION
fixed length control field 100831s xx 000 0 eng d
020 ## - INTERNATIONAL STANDARD BOOK NUMBER
International Standard Book Number 0138138222 :
040 ## - CATALOGING SOURCE
Original cataloging agency KABU
Transcribing agency KABU
100 1# - MAIN ENTRY--PERSONAL NAME
Personal name Rice, Michael.
-- 0000178569
245 10 - TITLE STATEMENT
Title Digital communications :
Remainder of title a discrete-time approach /
Statement of responsibility, etc. Michael Rice.
250 ## - EDITION STATEMENT
Edition statement 1st ed.
260 ## - PUBLICATION, DISTRIBUTION, ETC. (IMPRINT)
Place of publication, distribution, etc. Upper Saddle River, NJ. :
Name of publisher, distributor, etc. Pearson,
Date of publication, distribution, etc. 2009.
300 ## - PHYSICAL DESCRIPTION
Extent xxii, 778 p.
650 #0 - SUBJECT ADDED ENTRY--TOPICAL TERM
Topical term or geographic name as entry element Digital communications.
-- 0000157685
650 #0 - SUBJECT ADDED ENTRY--TOPICAL TERM
Topical term or geographic name as entry element Signal processing
General subdivision Digital techniques.
-- 0000170024
852 1# - LOCATION
-- p2600 KES
908 ## - PUT COMMAND PARAMETER (RLIN)
Put command parameter 100831
950 ## - LOCAL HOLDINGS (RLIN)
-- 1
Holdings
Withdrawn status Lost status Source of classification or shelving scheme Not for loan Home library Current library Date acquired Total Checkouts Full call number Barcode Date last seen Price effective from Koha item type
    Library of Congress Classification   Kabarak, Main Campus Kabarak, Main Campus 17/12/2015   TK5103.7 .R53 2009 c. 1 24002 17/12/2015 17/12/2015 General Collection
Designed with assistance from East African Informatics Ltd